书目信息 |
| 题名: |
大学生诚信教育经典案例
|
|
| 作者: | 许玫 主编 | |
| 分册: | ||
| 出版信息: | 上海 立信会计出版社 2016 |
|
| 页数: | 277页 | |
| 开本: | 23cm | |
| 丛书名: | ||
| 单 册: | ||
| 中图分类: | G641.6 | |
| 科图分类: | ||
| 主题词: | 大学生--da xue sheng--社会公德教育--案例--中国 | |
| 电子资源: | ||
| ISBN: | 978-7-5429-5073-4 | |
| 000 | 00868nam0 2200241 450 | |
| 001 | 012001008732 | |
| 005 | 20140102102757.0 | |
| 010 | @a978-7-5429-5073-4@dCNY35.00 | |
| 099 | @aCAL 012016120003 | |
| 100 | @a20161017d2016 em y0chiy50 ea | |
| 101 | 0 | @achi |
| 102 | @aCN@b310000 | |
| 105 | @ay z 000yy | |
| 106 | @ar | |
| 200 | 1 | @a大学生诚信教育经典案例@Ada xue sheng cheng xin jiao yu jing dian an li@f许玫主编 |
| 210 | @a上海@c立信会计出版社@d2016 | |
| 215 | @a277页@d23cm | |
| 330 | @a本书阐述了城信立信不断丰富着诚信教育的内涵, 根据贯彻落实社会主义核心价值观的要求, 并开设了诚信课程, 为增强课程的教育效果, 提高师生对诚信的认知, 还精选古今中外诚信教育案例。 | |
| 606 | 0 | @a大学生@Ada xue sheng@x社会公德教育@x案例@y中国 |
| 690 | @aG641.6@v5 | |
| 701 | 0 | @a许玫@Axu mei@4主编 |
| 801 | 2 | @aCN@b上海新华@c20191020 |
| 905 | @b1185616-9@dG641.6@e1129@f4 | |
| 大学生诚信教育经典案例/许玫主编.-上海:立信会计出版社,2016 |
| 277页;23cm |
| ISBN 978-7-5429-5073-4:CNY35.00 |
| 本书阐述了城信立信不断丰富着诚信教育的内涵, 根据贯彻落实社会主义核心价值观的要求, 并开设了诚信课程, 为增强课程的教育效果, 提高师生对诚信的认知, 还精选古今中外诚信教育案例。 |
| ● |
| 相关链接 |
|
|
|
|
正题名:大学生诚信教育经典案例
索取号:G641.6/1129
 
预约/预借
| 序号 | 登录号 | 条形码 | 馆藏地/架位号 | 状态 | 备注 |
| 1 | 1185616 | 211856160 | 第一样本阅览室/ [索取号:G641.6/1129] | 在馆 | |
| 2 | 1185617 | 211856179 | 第四借阅区/ [索取号:G641.6/1129] | 在馆 | |
| 3 | 1185618 | 211856188 | 第四借阅区/ [索取号:G641.6/1129] | 在馆 | |
| 4 | 1185619 | 211856197 | 第四借阅区/ [索取号:G641.6/1129] | 在馆 |